<?xml version="1.0" encoding="UTF-8"?>
<record
    xmlns:xsi="http://www.w3.org/2001/XMLSchema-instance"
    xsi:schemaLocation="http://www.loc.gov/MARC21/slim http://www.loc.gov/standards/marcxml/schema/MARC21slim.xsd"
    xmlns="http://www.loc.gov/MARC21/slim">

  <leader>01640nam a22002657i 4500</leader>
  <controlfield tag="003">DO-SdBNP</controlfield>
  <controlfield tag="005">20260321073646.0</controlfield>
  <controlfield tag="007">ta</controlfield>
  <controlfield tag="008">240402b1983    dr ||||| |||| 00| 0 spa d</controlfield>
  <datafield tag="040" ind1=" " ind2=" ">
    <subfield code="a">DO-SdBNP</subfield>
    <subfield code="b">spa</subfield>
    <subfield code="c">BNPHU</subfield>
    <subfield code="e">rda</subfield>
  </datafield>
  <datafield tag="082" ind1=" " ind2="4">
    <subfield code="a">305.5097293</subfield>
    <subfield code="b">B742cla 1983</subfield>
    <subfield code="2">22</subfield>
  </datafield>
  <datafield tag="100" ind1="1" ind2=" ">
    <subfield code="a"> Bosch, Juan, </subfield>
    <subfield code="d">1909-2001</subfield>
    <subfield code="9">76555</subfield>
  </datafield>
  <datafield tag="245" ind1="1" ind2="0">
    <subfield code="a">Clases sociales en la Rep&#xFA;blica Dominicana /</subfield>
    <subfield code="c">Juan Bosch.</subfield>
  </datafield>
  <datafield tag="250" ind1=" " ind2=" ">
    <subfield code="a">Segunda edici&#xF3;n </subfield>
  </datafield>
  <datafield tag="264" ind1=" " ind2="1">
    <subfield code="a">Santo Domingo :</subfield>
    <subfield code="b">Editora Corripio, </subfield>
    <subfield code="c">1983.</subfield>
  </datafield>
  <datafield tag="300" ind1=" " ind2=" ">
    <subfield code="a">259 p&#xE1;ginas ; </subfield>
    <subfield code="c">21 cm.</subfield>
  </datafield>
  <datafield tag="336" ind1=" " ind2=" ">
    <subfield code="2">rdacontent</subfield>
    <subfield code="a">texto</subfield>
    <subfield code="b">txt</subfield>
  </datafield>
  <datafield tag="337" ind1=" " ind2=" ">
    <subfield code="2">rdamedia</subfield>
    <subfield code="a">sin mediaci&#xF3;n </subfield>
    <subfield code="b">n</subfield>
  </datafield>
  <datafield tag="338" ind1=" " ind2=" ">
    <subfield code="2">rdacarrier </subfield>
    <subfield code="a">volumen </subfield>
    <subfield code="b">nc</subfield>
  </datafield>
  <datafield tag="505" ind1="0" ind2=" ">
    <subfield code="a">Introducci&#xF3;n --</subfield>
    <subfield code="t">La educaci&#xF3;n es una actividad clasista --</subfield>
    <subfield code="t">Analizando a la peque&#xF1;a burgues&#xED;a --</subfield>
    <subfield code="t">Sobre el desarrollo de las clases en el pa&#xED;s --</subfield>
    <subfield code="t">Balaguerismo y Perrede&#xED;smo --</subfield>
    <subfield code="t">Discurso en el primer congreso --</subfield>
    <subfield code="t">Pol&#xED;tica y poder --</subfield>
    <subfield code="t">Clases y psicolog&#xED;a --</subfield>
    <subfield code="t">Votaciones y elecciones --</subfield>
    <subfield code="t">No siempre la clase dominante es clase gobernante --</subfield>
    <subfield code="t">Capitalismo tard&#xED;o y clases sociales en la Am&#xE9;rica Latina --</subfield>
    <subfield code="t">Algo m&#xE1;s sobre la clase dominante que no es clase gobernante --</subfield>
    <subfield code="t">Apariencias y sustancia del capitalismo en la Rep&#xFA;blica Dominicana --</subfield>
    <subfield code="t">Capas de la peque&#xF1;a burgues&#xED;a en la Rep&#xFA;blica Dominicana -- </subfield>
    <subfield code="t">La peque&#xF1;a burgues&#xED;a y el programa socialista --</subfield>
    <subfield code="t">Conciencia pol&#xED;tica y programa socialista -- </subfield>
    <subfield code="t">&#xBF;Cu&#xE1;ndo pasa una clase a ser gobernante? --</subfield>
    <subfield code="t">Capitalismo y clase obrera.</subfield>
  </datafield>
  <datafield tag="590" ind1=" " ind2=" ">
    <subfield code="a">Inventariado, 2024 /LP</subfield>
  </datafield>
  <datafield tag="650" ind1=" " ind2="0">
    <subfield code="a">Clases sociales</subfield>
    <subfield code="z">Rep&#xFA;blica Dominicana</subfield>
    <subfield code="9">1062</subfield>
  </datafield>
  <datafield tag="651" ind1=" " ind2="4">
    <subfield code="a">Rep&#xFA;blica Dominicana</subfield>
    <subfield code="x">Condiciones sociales</subfield>
    <subfield code="9">46</subfield>
  </datafield>
  <datafield tag="942" ind1=" " ind2=" ">
    <subfield code="2">ddc</subfield>
    <subfield code="c">LBS1</subfield>
  </datafield>
  <datafield tag="952" ind1=" " ind2=" ">
    <subfield code="0">0</subfield>
    <subfield code="1">0</subfield>
    <subfield code="2">ddc</subfield>
    <subfield code="5">1</subfield>
    <subfield code="7">0</subfield>
    <subfield code="8">PD</subfield>
    <subfield code="a">BNPHU</subfield>
    <subfield code="b">BNPHU</subfield>
    <subfield code="c">HD</subfield>
    <subfield code="d">2024-04-02</subfield>
    <subfield code="e">Donado por Emilio Cordero Michel</subfield>
    <subfield code="l">0</subfield>
    <subfield code="o">305.5097293 B742cla 1983</subfield>
    <subfield code="p">2024-1721</subfield>
    <subfield code="r">2024-04-02</subfield>
    <subfield code="w">2024-04-02</subfield>
    <subfield code="y">LBS1</subfield>
  </datafield>
  <datafield tag="999" ind1=" " ind2=" ">
    <subfield code="c">56207</subfield>
    <subfield code="d">56207</subfield>
  </datafield>
</record>
